فهرس أحاديث تفسير القرآن العظيم الامام الحافظ عماد الدين ابو الفداء اسماعيل بن كثير القرشي الدمشقي المتوفى سنة 774هـ / (رقم التسجيلة. 26013)

تفاصيل مارك
000 -الفاتح
عناصر البيانات ثابتة الطول 01133cam a2200229 i 4500
005 - تاريخ ووقت آخر معاملة
حقل ضبط 20251108165347.0
008 - عناصر البيانات ثابتة الطول
عناصر البيانات ثابتة الطول 250721s1986 le grc 001 0 ara d
082 14 - رقم تصنيف ديوي العشري
رقم التصنيف 212
رقم المادة م ر ع
100 1# - مدخل رئيسي – اسم شخصي
الاسم الشخصي المرعشلي، يوسف عبد الرحمن
علاقة الشخص بالعمل/ دوره معد.
245 10 - بيان العنوان
العنوان فهرس أحاديث تفسير القرآن العظيم الامام الحافظ عماد الدين ابو الفداء اسماعيل بن كثير القرشي الدمشقي المتوفى سنة 774هـ /
بيان المسؤولية اعداد يوسف عبد الرحمن المرعشلي، محمد سليم ابراهيم سمارة ، جمال حمدي الذهبي.
250 ## - بيان الطبعة
بيان الطبعة الطبعة الاولى.
264 1# - بيانات النشر، التوزيع…إلخ
مكان النشر، التوزيع...إلخ بيروت :
اسم الناشر، الموزع...إلخ دار المعرفه،
تاريخ النشر، التوزيع...إلخ 1986.
300 ## - الوصف المادي
عدد الوحدات المكونة للوعاء 334 صفحة.
500 ## - ملاحظات عامة
ملاحظات عامة يمتازهذا الفهرسيصلاحه لكل طبعات التفسير.
650 17 - مدخل إضافي بالموضوع - مصطلح موضوعي
مصطلح موضوعي أو اسم جغرافي كعنصر مدخل القرآن الكريم.
650 17 - مدخل إضافي بالموضوع - مصطلح موضوعي
مصطلح موضوعي أو اسم جغرافي كعنصر مدخل التفسير.
650 17 - مدخل إضافي بالموضوع - مصطلح موضوعي
مصطلح موضوعي أو اسم جغرافي كعنصر مدخل الفهارس.
700 1# - مدخل إضافي - اسم شخصي
الاسم الشخصي سمارة، محمد سليم إبراهيم
علاقة الشخص بالعمل/ دوره معد.
700 1# - مدخل إضافي - اسم شخصي
الاسم الشخصي الذهبي، جمال حمدي
علاقة الشخص بالعمل/ دوره معد.
942 ## - بيانات إضافية (كوها)
نوع التنصيف Dewey Decimal Classification
نوع المادة (كوها) مراجع
المقتنيات
حالة السحب حالة الفقدان مصدر التصنيف حالة التلف غير قابل للإعارة المكتبة الرئيسية المكتبة الحالية موقع الرف تاريخ التزويد الرقم المتسلسل Total Checkouts رقم الإستدعاء الباركود تاريخ آخر ظهور تاريخ الفاتورة نوع المادة (كوها)
    Dewey Decimal Classification   Not For Loan المكتبة المركزية المكتبة المركزية مراجع 06/07/2004 124038   م / 212 / م ع ر 124038 28/07/2025 06/07/2004 مراجع
Implemented & Customized by: BBB with SCIT (Smart Chains for Information Technology)

Powered by Koha